Smoke signals (Record no. 17317)

MARC details
000 -LEADER
fixed length control field 00614cab a2200193 4500
001 - CONTROL NUMBER
control field ABS40729
008 - FIXED-LENGTH DATA ELEMENTS--GENERAL INFORMATION
fixed length control field 090401t1989 xxu||||| |||| 00| 0 eng d
035 ## - SYSTEM CONTROL NUMBER
System control number (Sirsi) u25767
041 ## - LANGUAGE CODE
Language code of text/sound track or separate title eng
100 ## - MAIN ENTRY--PERSONAL NAME
Personal name Fidler, J.
245 ## - TITLE STATEMENT
Title Smoke signals
260 ## - PUBLICATION, DISTRIBUTION, ETC.
Date of publication, distribution, etc. 1989
350 ## - PRICE (NR) (BK AM CF MU VM SE) [OBSOLETE]
Price 0
490 ## - SERIES STATEMENT
Series statement Traditional Homes
Volume/sequential designation June 1989, 143-145(3)
520 ## - SUMMARY, ETC.
Summary, etc. An examination of methods for detecting problems in chimneys . Identifies the causes of chimney decay and describes the application of video surveys as a useful tool for flue surveying.
690 ## - LOCAL SUBJECT ADDED ENTRY--TOPICAL TERM (OCLC, RLIN)
Topical term or geographic name as entry element BUILT ENVIRONMENT
942 ## - ADDED ENTRY ELEMENTS (KOHA)
Suppress in OPAC 0
948 ## - LOCAL PROCESSING INFORMATION (OCLC); SERIES PART DESIGNATOR (RLIN)
c (OCLC) 04/03/1997
Holdings
Withdrawn status Lost status Source of classification or shelving scheme Damaged status Not for loan Home library Current library Shelving location Date acquired Total Checkouts Full call number Barcode Date last seen Copy number Price effective from Koha item type
    Dewey Decimal Classification     London London Journal article 14/09/1999   ABS40729 25767-1001 06/08/2019 1 06/08/2019 Journal article